000 00531nam a22002057a 4500
005 20210420062540.0
008 201126b2001 ||||| |||| 00| 0 eng d
020 _a0071117466
040 _cDLC
041 _aeng
080 _a616-036.2
_bM-46
100 _9391
_aGreenberg,S.raymind
_eeditor
245 _aMedical Epidemiology
250 _aFourth edition
260 _bMcGraw-hill Companies
_c2001
300 _a254
_bill
650 0 _957
_aEPIDEMIOLOGY
653 _aეპიდემიოლოგია
942 _2udc
_cBK
999 _c471
_d471